Bhartiya itihas ki vyakhya aur Marxvad (Hindi) (Record no. 405782)

000 -LEADER
fixed length control field 00332cam a22001217a 4500
008 - FIXED-LENGTH DATA ELEMENTS--GENERAL INFORMATION
fixed length control field 180718b1995 xxu||||| |||| 00| 0 eng d
020 ## - INTERNATIONAL STANDARD BOOK NUMBER
International Standard Book Number 81700420003
100 ## - MAIN ENTRY--PERSONAL NAME
Personal name Habib, Irfan
245 ## - TITLE STATEMENT
Title Bhartiya itihas ki vyakhya aur Marxvad (Hindi)
Statement of responsibility, etc. by Irfan Habib
260 ## - PUBLICATION, DISTRIBUTION, ETC.
Place of publication, distribution, etc. Delhi
Name of publisher, distributor, etc. Vivek
Date of publication, distribution, etc. 1995
300 ## - PHYSICAL DESCRIPTION
Extent 125p.
650 ## - SUBJECT ADDED ENTRY--TOPICAL TERM
Topical term or geographic name entry element Hindi-history
Holdings
Withdrawn status Lost status Damaged status Not for loan Permanent Location Current Location Date acquired Barcode Date last seen Price effective from Koha item type
        Indian Institute of Public Administration Indian Institute of Public Administration 2006-08-05 70226 2018-07-21 2018-07-21 Book

Powered by Koha